| 000 | 00449nam a22001697a 4500 | ||
|---|---|---|---|
| 003 | OSt | ||
| 005 | 20211020095113.0 | ||
| 008 | 211020b |||||||| |||| 00| 0 eng d | ||
| 020 | _a0-87425-037-4 | ||
| 040 |
_aDDC _cHU |
||
| 082 |
_21ST _a612.6 _b1 |
||
| 100 |
_aCARKHUFF ROBERT R. _914470 |
||
| 245 | _aHUMAN PROCEESSING AND HEMAN PRODUCTVITY | ||
| 250 | _a1ST | ||
| 260 |
_aUSA _bHUMAN RESOURCE DEVELOPMENT PRESS INC _c1986 |
||
| 942 |
_2ddc _cBOOKS _n0 |
||
| 999 |
_c13596 _d13596 |
||